Paroles - Chanson de la mort - Kemar - Statistiques

Statistiques générales
  • Ce quiz a été pris 15 fois
  • Le résultat moyen est 40 sur 53
Statistiques - réponses
Réponse % Correct
ce
92%
de
92%
à
85%
à
85%
a
85%
c'est
85%
Chenille
85%
Et
85%
Et
85%
et
85%
fête
85%
la
85%
la
85%
85%
85%
le
85%
le
85%
On
85%
soir
85%
va
85%
chante
77%
crêpes
77%
est
77%
il
77%
Il
77%
il
77%
que
77%
bouffer
69%
crever
69%
des
69%
Fabrice
69%
Faut
69%
gueule
69%
même
69%
monde
69%
Nico
69%
Nicolas
69%
ouverte
69%
parce
69%
plus
69%
premier
69%
prochain
69%
profiter
69%
sera
69%
sera
69%
tout
69%
tue - tête
69%
y
69%
l'an
62%
Michel
62%
ne
62%
Pourtant
62%
Allez
38%
Aucun quiz correspondant
Distribution des résultats
% des personnes avec chaque résultat
Percentile par nombre de réponses
Votre historique - résultats
Vous n’avez pas pris ce quiz